000
00223nam a22000857a 4500
008
250425b |||||||| |||| 00| 0 eng d
020
_a
9781408855676
100
_a
Rowling J K
245
_a
harry Potter and the Prisoner of Askaban
999
_c
12755
_d
12755